Centenari d'una església : L'Ametlla de Merola - 1982 / recopilació, Mn. Lluís Calveras L'Ametlla de Merola - 1982 / recopilació, Mn. Lluís Calveras
Descripción Física:
32 p. : il. ; 25'5 cm
MARC
| LEADER | 00000nam a2200000Ia 4500 | ||
|---|---|---|---|
| 001 | 12676 | ||
| 008 | 160829s1982 xx 000 0 cat d | ||
| 080 | |a FU-14-61 | ||
| 100 | |a Calveras, Lluís |9 24205 | ||
| 245 | |a Centenari d'una església : |b L'Ametlla de Merola - 1982 / recopilació, Mn. Lluís Calveras | ||
| 260 | |a [s.l.] : |b Comissió Centenari, |c 1982 | ||
| 300 | |a 32 p. : |b il. ; |c 25'5 cm | ||
| 650 | |a Parròquia de l'Ametlla de Merola |x Aniversaris, etc. |9 24206 | ||
| 901 | |a Arxiu | ||
| 942 | |n 1 | ||
| 952 | |0 0 |1 0 |4 0 |6 FU1461 |7 1 |9 43021 |a Arxiu |b Arxiu |d 2016-12-01 |l 0 |o FU-14-61 |p 12676 |r 2016-12-01 00:00:00 |w 2016-12-01 |y ARXIU | ||
| 999 | |c 45564 |d 45564 | ||